Rodové rozdiely na trhu práce bakalárska práca

Guardado en:
Detalles Bibliográficos
Autor principal: Gonová, Lenka
Autor Corporativo: Národohospodárska fakulta EU. Katedra sociálneho rozvoja a práce
Otros Autores: Rievajová, Eva
Formato: Libro
Lenguaje:eslovaco
Publicado: Bratislava 2016
Etiquetas: Agregar Etiqueta
Sin Etiquetas, Sea el primero en etiquetar este registro!

MARC

LEADER 00000nbm a2200000 4500
001 0219821
005 20161118110316.4
041 0 |a slo 
044 |a SK 
245 1 0 |a Rodové rozdiely na trhu práce  |b bakalárska práca  |c Lenka Gonová ; školiteľ: Eva Rievajová 
264 1 |a Bratislava  |c 2016 
300 |a 47 s. 
100 1 |a Gonová, Lenka 
700 1 |a Rievajová, Eva 
710 2 |a Národohospodárska fakulta EU. Katedra sociálneho rozvoja a práce